[Event "ch-FRA Blitz Online Qual"]
[Site "Europe-Chess INT"]
[Date "2020.05.16"]
[Round "5"]
[White "Bassini, Emile"]
[Black "Levy, Kevin"]
[Result "1-0"]
[WhiteElo "2288"]
[BlackElo "1740"]
[WhiteFideId "26084074"]
[BlackFideId "45128588"]
[EventDate "2020.05.16"]

1. e4 Nf6 2. e5 Nd5 3. d4 d6 4. c4 Nb6 5. exd6 cxd6 6. Nc3 g6 7. Be3 Bg7 8. b3
O-O 9. Rc1 e5 10. dxe5 dxe5 11. Qxd8 Rxd8 12. h3 Nc6 13. Nf3 Bf5 14. Nh4 Bd3 15.
Bxd3 Rxd3 16. Ke2 Rad8 17. Rhd1 Rxd1 18. Rxd1 Rxd1 19. Kxd1 Nd7 20. g4 Bf8 21.
Ke2 f6 22. Nd5 Kf7 23. Nf3 Bc5 24. Nd2 Nd4+ 25. Bxd4 Bxd4 26. Ne4 Ke6 27. f3 h6
28. Nc7+ Ke7 29. Nb5 Bb6 30. Nec3 Ke6 31. Nd5 Bg1 32. Kf1 Bc5 33. Ke2 Bg1 34.
Nbc7+ 1-0

[Event "ch-FRA Blitz Online Qual"]
[Site "Europe-Chess INT"]
[Date "2020.05.16"]
[Round "5"]
[White "Duvert, Francois"]
[Black "Doluhanova, Evgeniya"]
[Result "0-1"]
[BlackTitle "WGM"]
[WhiteElo "1729"]
[BlackElo "2229"]
[WhiteFideId "36072877"]
[BlackFideId "14112035"]
[EventDate "2020.05.16"]

1. d4 Nf6 2. Bf4 e6 3. e3 d5 4. Nf3 Bd6 5. Bg3 c5 6. c3 Qc7 7. Nbd2 Nc6 8. Bd3
e5 9. e4 cxd4 10. cxd4 dxe4 11. Nxe4 Nxe4 12. Bxe4 Qa5+ 13. Qd2 Bb4 14. Bxc6+
bxc6 15. O-O-O Bxd2+ 16. Rxd2 Bf5 17. Nxe5 Qxa2 18. Re2 Qb1+ 19. Kd2 Qxb2+ 20.
Ke3 Qb5 21. Rhe1 O-O 22. f4 f6 0-1

[Event "ch-FRA Blitz Online Qual"]
[Site "Europe-Chess INT"]
[Date "2020.05.16"]
[Round "5"]
[White "Vanlerberghe, Luc"]
[Black "Pucher, Sebastien"]
[Result "0-1"]
[BlackTitle "FM"]
[WhiteElo "1727"]
[BlackElo "2322"]
[WhiteFideId "671908"]
[BlackFideId "627232"]
[EventDate "2020.05.16"]

1. e4 g6 2. d4 Bg7 3. Nc3 c6 4. Nf3 d5 5. e5 f6 6. Bf4 Nh6 7. Qd2 Nf7 8. Bd3 Bg4
9. exf6 exf6 10. O-O-O Bxf3 11. gxf3 O-O 12. h4 Nd7 13. Rdg1 f5 14. Kb1 Re8 15.
h5 Qf6 16. hxg6 hxg6 17. Ne2 Nf8 18. c3 b5 19. Ng3 Ne6 20. Bxf5 Nh8 21. Bxe6+
Rxe6 22. Be5 Qxf3 23. Bxg7 Kxg7 24. Qh6+ Kf7 25. Qh7+ Kf6 0-1

[Event "ch-FRA Blitz Online Qual"]
[Site "Europe-Chess INT"]
[Date "2020.05.16"]
[Round "5"]
[White "Mathieu, Phileas"]
[Black "Barraud, Mickael"]
[Result "1-0"]
[WhiteElo "2214"]
[BlackElo "1733"]
[WhiteFideId "36048410"]
[BlackFideId "696137"]
[EventDate "2020.05.16"]

1. e4 e6 2. d3 d5 3. Qe2 dxe4 4. dxe4 Nc6 5. Nf3 Bc5 6. g3 Bb4+ 7. c3 Bc5 8. Bg2
Nf6 9. O-O O-O 10. Bg5 h6 11. Be3 Bxe3 12. Qxe3 e5 13. Na3 Be6 14. Rfd1 Qe7 15.
Nc2 Rad8 16. b3 Rxd1+ 17. Rxd1 Rd8 18. Rxd8+ Qxd8 19. Nd2 b6 20. Bf1 Ng4 21. Qe1
h5 22. Bb5 Ne7 23. f3 Nf6 24. Qe2 c6 25. Bd3 Nd7 26. Bc4 Bxc4 27. Nxc4 Nc5 28.
Nxe5 Qd6 29. Nc4 Qd3 30. Kf2 f6 31. Qxd3 Nxd3+ 32. Ke3 Nc1 33. Nd4 Nxa2 34. Kd2
b5 35. Na5 b4 36. c4 c5 37. Nb5 Nc3 38. Nxc3 bxc3+ 39. Kxc3 f5 40. Kd3 Kf7 41.
Nb7 Nc6 42. Nxc5 Ne5+ 43. Ke3 fxe4 44. Kxe4 Nc6 45. Nd3 a5 46. Ne5+ Nxe5 47.
Kxe5 g5 48. Kf5 h4 49. Kxg5 hxg3 50. hxg3 a4 51. bxa4 1-0

[Event "ch-FRA Blitz Online Qual"]
[Site "Europe-Chess INT"]
[Date "2020.05.16"]
[Round "5"]
[White "Villevieille, Lucas"]
[Black "Nicolas, Guillaume"]
[Result "0-1"]
[WhiteElo "1713"]
[BlackElo "2143"]
[WhiteFideId "36022349"]
[BlackFideId "20646607"]
[EventDate "2020.05.16"]

1. d4 Nf6 2. c4 e5 3. dxe5 Ng4 4. e3 Nxe5 5. Nh3 d5 6. Qxd5 Qf6 7. Nf4 Nbc6 8.
Bd2 g5 9. Nd3 Be6 10. Qe4 Bf5 11. Qd5 Rd8 12. Qb5 Bxd3 13. Bxd3 Nxd3+ 14. Ke2
Qxf2+ 15. Kd1 Qxg2 16. Re1 Nxe1 17. Kxe1 Qg1+ 18. Ke2 Qxh2+ 19. Kf1 Bd6 20. Qd5
Ne5 21. Qe4 O-O 22. Qf5 Ng6 23. Bc3 Be5 24. Bxe5 Rd1# 0-1

[Event "ch-FRA Blitz Online Qual"]
[Site "Europe-Chess INT"]
[Date "2020.05.16"]
[Round "5"]
[White "Frazao, Thomas"]
[Black "Lambert, Adrien"]
[Result "0-1"]
[WhiteElo "1719"]
[BlackElo "2123"]
[WhiteFideId "36083704"]
[BlackFideId "624772"]
[EventDate "2020.05.16"]

1. e4 d6 2. d4 Nf6 3. Nc3 g6 4. Bd3 Bg7 5. Nf3 O-O 6. O-O Bg4 7. h3 Bxf3 8. Qxf3
Nc6 9. Be3 e5 10. dxe5 Nxe5 11. Qe2 Nxd3 12. cxd3 Nd7 13. Qd2 Re8 14. Bh6 Bh8
15. Be3 c6 16. f4 Qa5 17. a3 Qh5 18. f5 Ne5 19. fxg6 hxg6 20. Qf2 Re7 21. Rad1
Rf8 22. Bxa7 c5 23. Nd5 Re6 24. Bb6 Nc6 25. b4 Bd4 26. Ne3 f5 27. bxc5 dxc5 28.
Bc7 Qh6 29. Bf4 g5 30. Qg3 Rg6 31. Bd6 f4 32. Qf3 Rxd6 0-1

[Event "ch-FRA Blitz Online Qual"]
[Site "Europe-Chess INT"]
[Date "2020.05.16"]
[Round "5"]
[White "Dubois, Herve"]
[Black "Lorans, Sylvain"]
[Result "0-1"]
[WhiteElo "1836"]
[BlackElo "2086"]
[WhiteFideId "636460"]
[BlackFideId "605794"]
[EventDate "2020.05.16"]

1. c4 Nf6 2. Nf3 e6 3. g3 d5 4. Bg2 Be7 5. O-O O-O 6. b3 b6 7. Bb2 c5 8. cxd5
Nxd5 9. d3 Nc6 10. Nbd2 Bf6 11. Bxf6 Qxf6 12. Ne4 Qe7 13. Rc1 Bb7 14. d4 Nxd4
15. Nxd4 cxd4 16. Qxd4 Rac8 17. Qa4 a6 18. h4 h6 19. Qd4 Rfd8 20. Qb2 Nb4 21.
Rxc8 Rxc8 22. a3 Nd5 23. Rd1 Qc7 24. Qd2 Qc2 25. b4 Qxd2 26. Rxd2 Rc1+ 27. Kh2
Ra1 28. Nd6 Bc6 29. e4 Ne7 30. e5 Bxg2 31. Kxg2 Rxa3 32. Ne8 Nd5 33. Rc2 Rc3 34.
Rb2 Kf8 35. Nd6 b5 36. h5 Ke7 37. Ne4 Rc4 38. f3 Nxb4 39. Rd2 Nc6 40. Nd6 Rc3
41. Nc8+ Ke8 42. Nb6 Nxe5 43. Ra2 Nc4 44. Na8 Ra3 45. Rc2 Rb3 46. Nc7+ Kd7 47.
Nxa6 Ne3+ 48. Kf2 Nxc2 49. Nc5+ Kc6 50. Nxb3 Kd5 51. Ke2 Nd4+ 52. Nxd4 Kxd4 53.
f4 Kc4 54. Ke3 b4 0-1

[Event "ch-FRA Blitz Online Qual"]
[Site "Europe-Chess INT"]
[Date "2020.05.16"]
[Round "5"]
[White "Roque, Gaetan"]
[Black "Ibrouchene, Christophe"]
[Result "1-0"]
[WhiteElo "2128"]
[BlackElo "1797"]
[WhiteFideId "20666934"]
[BlackFideId "45110786"]
[EventDate "2020.05.16"]

1. d4 e5 2. dxe5 Nc6 3. Nf3 Qe7 4. c3 Nxe5 5. Nxe5 Qxe5 6. Nd2 Nf6 7. Nf3 Qh5 8.
Bf4 c6 9. Bd6 Bxd6 10. Qxd6 Ne4 11. Qd4 Nf6 12. e3 d5 13. Be2 Bg4 14. b4 O-O 15.
O-O Qf5 16. h3 Bxf3 17. Bxf3 Rfe8 18. b5 cxb5 19. Rab1 a6 20. a4 bxa4 21. Rxb7
Rec8 22. Qb4 Qe5 23. Rc1 a3 24. Qxa3 Ne4 25. Bxe4 Qxe4 26. Qd6 Rf8 27. Rd7 a5
28. Qa3 a4 29. Rd1 Rac8 30. R7xd5 Qc4 31. R1d3 h6 32. R5d4 Qb3 33. Qxa4 Qb1+ 34.
Kh2 Rc7 35. c4 Qb2 36. Rd8 Rxd8 37. Rxd8+ Kh7 38. Qe8 Qxf2 39. Qg8+ Kg6 40. Rd6+
f6 41. Qe8+ Kh7 42. Qe4+ f5 43. Qe6 Kh8 44. Qe8+ Kh7 45. Qg6+ 1-0

[Event "ch-FRA Blitz Online Qual"]
[Site "Europe-Chess INT"]
[Date "2020.05.16"]
[Round "5"]
[White "Perolini, Cedric"]
[Black "Lamorelle, Yves"]
[Result "0-1"]
[BlackTitle "FM"]
[WhiteElo "1706"]
[BlackElo "2052"]
[WhiteFideId "20692773"]
[BlackFideId "601810"]
[EventDate "2020.05.16"]

1. e4 e5 2. f4 exf4 3. Nf3 d6 4. d4 g5 5. Bc4 h6 6. c3 Bg7 7. Qb3 Qd7 8. O-O Nc6
9. Qc2 Nge7 10. d5 Ne5 11. Nxe5 Bxe5 12. a4 O-O 13. b4 Ng6 14. Be2 Qe7 15. Bb2
f5 16. Bd3 fxe4 17. Bxe4 Nh4 18. Nd2 Nf5 19. Qb3 Ne3 20. Rf2 Bd7 21. Nf3 Bg7 22.
c4 Qxe4 23. Bxg7 Kxg7 24. Re1 Bg4 25. h4 Bxf3 26. hxg5 hxg5 27. Rxf3 Qd4 28.
Rfxe3 fxe3 29. Rxe3 Rae8 30. Qc3 Qxc3 31. Rxc3 Re1+ 32. Kh2 Re4 33. c5 Rxb4 34.
cxd6 cxd6 35. Rc7+ Rf7 36. Rc3 Rxa4 37. Rg3 Kg6 38. Rb3 b6 39. Rb5 Ra5 40. Rb3
Rxd5 41. Ra3 a5 42. Kh3 b5 43. g3 b4 44. Re3 a4 45. Re4 Rb5 46. Re6+ Rf6 47. Re4
a3 48. Kg4 a2 49. Re1 b3 50. Ra1 Rb4+ 51. Kh3 g4+ 52. Kh4 Rf5 53. Rf1 Rh5# 0-1

[Event "ch-FRA Blitz Online Qual"]
[Site "Europe-Chess INT"]
[Date "2020.05.16"]
[Round "5"]
[White "Hue, Victor"]
[Black "Rapaire, Jean-Michel"]
[Result "1-0"]
[WhiteElo "2038"]
[BlackElo "1742"]
[WhiteFideId "26045710"]
[BlackFideId "5400023"]
[EventDate "2020.05.16"]

1. e4 d6 2. d4 e5 3. Nf3 exd4 4. Nxd4 Nc6 5. Be3 Nxd4 6. Bxd4 Nf6 7. Nc3 Be7 8.
Bd3 O-O 9. O-O Be6 10. h3 a6 11. f4 b5 12. a3 Bc4 13. Bxc4 bxc4 14. Qe2 c5 15.
Bf2 Qb6 16. Rab1 h6 17. Qxc4 Nh7 18. Nd5 Qb7 19. Rfd1 Rfd8 20. b4 cxb4 21. Rxb4
Qd7 22. Nb6 1-0

[Event "ch-FRA Blitz Online Qual"]
[Site "Europe-Chess INT"]
[Date "2020.05.16"]
[Round "5"]
[White "Roussel, Simon"]
[Black "Akopian, Edwin"]
[Result "1-0"]
[WhiteElo "2140"]
[BlackElo "1706"]
[WhiteFideId "26025710"]
[BlackFideId "36068357"]
[EventDate "2020.05.16"]

1. e4 e5 2. Nf3 Nc6 3. d4 exd4 4. Nxd4 Nf6 5. Nc3 Bb4 6. Nxc6 bxc6 7. Bd3 d5 8.
exd5 cxd5 9. O-O O-O 10. Bg5 Be7 11. Re1 c6 12. Qf3 Re8 13. Ne2 Nd7 14. Bf4 Bf6
15. c3 Ne5 16. Bxe5 Rxe5 17. Ng3 Qe7 18. Rxe5 Qxe5 19. Kf1 Qg5 20. Re1 Be6 21.
Ne2 Qd2 22. Nf4 Qxb2 23. Nxe6 fxe6 24. Qh3 g6 25. Qxe6+ Kg7 26. Qd7+ Kg8 27.
Qxc6 Rf8 28. Qxd5+ Kg7 29. Qd7+ Kh6 30. Qh3+ Kg7 31. Rb1 Qxc3 32. Rb7+ Kg8 33.
Qxh7# 1-0

[Event "ch-FRA Blitz Online Qual"]
[Site "Europe-Chess INT"]
[Date "2020.05.16"]
[Round "5"]
[White "Poulet, Benoit"]
[Black "Capton, Rafael"]
[Result "0-1"]
[WhiteElo "2094"]
[BlackElo "1737"]
[WhiteFideId "26085844"]
[BlackFideId "36084778"]
[EventDate "2020.05.16"]

1. d4 Nf6 2. Nc3 g6 3. e4 Bg7 4. f4 O-O 5. Nf3 d6 6. Bd3 Nbd7 7. O-O b6 8. h3 c5
9. Be3 Bb7 10. e5 dxe5 11. dxe5 Nd5 12. Nxd5 Bxd5 13. Ng5 h6 14. Bb5 hxg5 15.
Qxd5 Nb8 16. Qxa8 gxf4 17. Rad1 Qc7 18. Bxf4 Bxe5 19. Bxe5 Qxe5 20. Qf3 Qxb2 21.
Bc4 Qg7 22. Bxf7+ Qxf7 23. Qg3 Qe8 24. Rxf8+ Kxf8 25. Qf4+ Kg7 26. Qe5+ Kh7 27.
Rf1 Nd7 28. Qe6 Kg7 29. Re1 Kf8 30. h4 Nf6 31. g4 Kg7 32. g5 Nh5 33. Qxe7+ Qf7
34. Qe5+ Kh7 35. Rf1 Qd7 0-1

[Event "ch-FRA Blitz Online Qual"]
[Site "Europe-Chess INT"]
[Date "2020.05.16"]
[Round "5"]
[White "Azizyan, Rafayel"]
[Black "Firouzja, Mohammadreza"]
[Result "0-1"]
[WhiteElo "1667"]
[BlackElo "2135"]
[WhiteFideId "651016931"]
[BlackFideId "12573990"]
[EventDate "2020.05.16"]

1. e4 e6 2. d4 d5 3. Bd3 dxe4 4. Bxe4 Nf6 5. Bf3 c5 6. Ne2 Qc7 7. Be3 a6 8. Nd2
cxd4 9. Nxd4 Bd7 10. O-O Nc6 11. N2b3 Be7 12. c3 O-O 13. Qe2 Ne5 14. Rfd1 Rad8
15. Bf4 Nxf3+ 16. Qxf3 e5 17. Bg3 Bg4 18. Qe3 Bxd1 19. Bxe5 Bd6 20. Bxd6 Qxd6
21. Rxd1 Rfe8 22. Qf3 Qd5 23. Qg3 Re2 24. Nc1 Rxb2 25. Nd3 Rxa2 26. Nb4 Qb3 27.
Qf3 Rxd4 28. cxd4 Qxb4 29. Rc1 Rc2 30. Re1 Qxe1# 0-1

[Event "ch-FRA Blitz Online Qual"]
[Site "Europe-Chess INT"]
[Date "2020.05.16"]
[Round "5"]
[White "Jouneau, Quentin"]
[Black "Mecili, Nabil"]
[Result "1-0"]
[WhiteElo "2018"]
[BlackElo "1688"]
[WhiteFideId "649716"]
[BlackFideId "618420"]
[EventDate "2020.05.16"]

1. e4 d6 2. d4 Nf6 3. Bd3 g6 4. h3 Bg7 5. Nf3 O-O 6. Be3 c6 7. O-O b5 8. c3 a5
9. a4 b4 10. cxb4 axb4 11. b3 Nbd7 12. Nbd2 c5 13. Nc4 cxd4 14. Nxd4 Nc5 15. Rc1
Nfxe4 16. Bxe4 Nxe4 17. Nc6 Qd7 18. Nb6 Nc3 19. Qf3 Qb7 20. Nxa8 Qxa8 21. Nxe7+ 1-0

[Event "ch-FRA Blitz Online Qual"]
[Site "Europe-Chess INT"]
[Date "2020.05.16"]
[Round "5"]
[White "Rajaobelina, Hery"]
[Black "Suez-Panama, Gilles"]
[Result "1-0"]
[WhiteElo "1592"]
[BlackElo "1943"]
[WhiteFideId "36054836"]
[BlackFideId "620165"]
[EventDate "2020.05.16"]

1. e4 e6 2. Qe2 c5 3. Nf3 Nc6 4. c3 d5 5. e5 Nge7 6. d4 cxd4 7. cxd4 Nf5 8. Be3
Qb6 9. Nc3 Ncxd4 10. Nxd4 Nxd4 11. Qd2 Bc5 12. Na4 Bb4 13. Nxb6 Nc2+ 14. Kd1
Bxd2 15. Bxd2 Nxa1 16. Nxa8 Bd7 17. Nc7+ Kd8 18. Nb5 a6 19. Nc3 b5 20. f4 Ke7
21. Bd3 b4 22. Ne2 b3 23. a3 Nc2 24. Bxc2 bxc2+ 25. Kxc2 Rc8+ 26. Kb1 Rc4 27.
Rc1 Re4 28. Nc3 Rd4 29. Be3 Rd3 30. Bc5+ Kd8 31. Rd1 Rxd1+ 32. Nxd1 f6 33. Bd6
Kc8 34. Kc2 Kb7 35. Kc3 Kc6 36. Kb4 Be8 37. g4 fxe5 38. Bxe5 h5 39. g5 g6 40. h4
Bd7 41. Nf2 Kb6 42. Nd3 Bb5 43. Nc5 Be2 44. Nxe6 Kc6 45. Nf8 d4 46. Bxd4 Bd3 47.
Be5 Kd5 48. Nd7 Ke6 49. Nc5+ Kf5 50. Nxd3 Ke4 51. Nc5+ Kf5 52. Nxa6 Kg4 53. Nc5
Kxh4 54. a4 Kg4 55. a5 h4 56. f5 h3 57. Bh2 Kxf5 58. a6 Kxg5 59. a7 Kg4 60. a8=Q
g5 61. Qb8 Kf5 62. Qe5+ Kg4 63. Qg3+ Kh5 64. Ne6 Kg6 65. Qxg5+ Kf7 66. Nd4 Kf8
67. Bd6+ Kf7 68. Qf5+ Kg7 69. Ne6+ Kh6 70. Bf8# 1-0

[Event "ch-FRA Blitz Online Qual"]
[Site "Europe-Chess INT"]
[Date "2020.05.16"]
[Round "5"]
[White "Villeneuve, Robin"]
[Black "Thomas, Anysia"]
[Result "0-1"]
[BlackTitle "WFM"]
[WhiteElo "1662"]
[BlackElo "2160"]
[WhiteFideId "45100608"]
[BlackFideId "670472"]
[EventDate "2020.05.16"]

1. e4 c5 2. d4 cxd4 3. c3 g6 4. cxd4 d5 5. e5 Bg7 6. Nc3 Nh6 7. Be3 O-O 8. Nf3
Bg4 9. Be2 Nf5 10. Bf4 Nc6 11. h3 Bxf3 12. Bxf3 e6 13. Ne2 Qb6 14. Be3 Nxe3 15.
fxe3 Qxb2 16. O-O Qa3 17. Qd2 Rac8 18. Rab1 b6 19. Rfc1 Na5 20. Nc3 Nc4 21. Qe1
Qe7 22. Nb5 a6 23. Nc3 b5 24. e4 Qa7 25. Rd1 Bxe5 26. exd5 Bxd4+ 27. Kh1 Ne5 28.
Ne2 Nxf3 29. gxf3 Bg7 30. dxe6 fxe6 31. Qg3 Qe3 32. Ng1 Rc2 33. Re1 Qd2 34. Rxe6
Rxa2 35. Rbe1 Qf2 36. Qxf2 Rxf2 37. Rxa6 b4 38. Rb6 Bc3 39. Rb7 Bxe1 40. Rb6 Bc3
41. Rb5 Re8 42. Rb6 Re1 43. Rb7 Be5 44. Rb6 Rh2# 0-1

[Event "ch-FRA Blitz Online Qual"]
[Site "Europe-Chess INT"]
[Date "2020.05.16"]
[Round "5"]
[White "Ferey, Antonin"]
[Black "Genot, Jean-Paul"]
[Result "1-0"]
[WhiteElo "2138"]
[BlackElo "1673"]
[WhiteFideId "36051454"]
[BlackFideId "45150940"]
[EventDate "2020.05.16"]

1. d4 Nf6 2. Nf3 e6 3. c4 b6 4. Nc3 Bb4 5. Qc2 O-O 6. e4 d6 7. Bd3 Bb7 8. e5
dxe5 9. dxe5 Nfd7 10. Bxh7+ Kh8 11. Be4 Nc5 12. Bxb7 Nxb7 13. Ng5 g6 14. Qe4 Nc5
15. Qh4+ Kg8 16. Qh7# 1-0

[Event "ch-FRA Blitz Online Qual"]
[Site "Europe-Chess INT"]
[Date "2020.05.16"]
[Round "5"]
[White "Tulliez, Andre"]
[Black "Lardon, Quentin"]
[Result "0-1"]
[WhiteElo "1777"]
[BlackElo "2013"]
[WhiteFideId "45107181"]
[BlackFideId "36050407"]
[EventDate "2020.05.16"]

1. e4 c5 2. Nf3 Nc6 3. d4 cxd4 4. Nxd4 g6 5. c4 Bg7 6. Be3 d6 7. Nc3 Bd7 8. Be2
Nf6 9. O-O a6 10. f3 O-O 11. Qd2 Rc8 12. Rfd1 Ne5 13. b3 Nc6 14. Rac1 Nxd4 15.
Bxd4 Bc6 16. Be3 Qd7 17. Nd5 Bxd5 18. cxd5 Rxc1 19. Rxc1 Rc8 20. b4 Ne8 21. Kf2
Nc7 22. Bb6 Na8 23. Be3 Nc7 24. Qc2 e6 25. Bb6 Bh6 26. Be3 Bxe3+ 27. Kxe3 Nxd5+
28. exd5 Rxc2 29. Rxc2 exd5 30. Rd2 Qe6+ 31. Kf2 Qe5 32. a4 d4 33. b5 Qe3+ 34.
Ke1 axb5 35. axb5 Kg7 36. Rd3 Qe5 37. Kf2 Qxh2 38. Rxd4 Qe5 39. Re4 Qc5+ 40. Kg3
d5 41. Rg4 d4 42. Rh4 Qe5+ 43. Kf2 Qe3+ 44. Kf1 d3 45. Bd1 Qc1 46. Ke1 Qc3+ 47.
Kf2 Qd2+ 0-1

[Event "ch-FRA Blitz Online Qual"]
[Site "Europe-Chess INT"]
[Date "2020.05.16"]
[Round "5"]
[White "Gautier, Nathan"]
[Black "Briand, Maxime"]
[Result "1-0"]
[WhiteElo "2064"]
[BlackElo "1662"]
[WhiteFideId "26093030"]
[BlackFideId "651016397"]
[EventDate "2020.05.16"]

1. e4 e6 2. d4 d5 3. Nc3 Bb4 4. e5 c5 5. a3 Bxc3+ 6. bxc3 Ne7 7. Qg4 Qc7 8. Qxg7
Rg8 9. Qxh7 cxd4 10. Ne2 dxc3 11. f4 Nbc6 12. Qd3 Nf5 13. Nxc3 Ncd4 14. Bd2 Bd7
15. Rb1 Rc8 16. Rb4 Nc6 17. Nb5 Qd8 18. Rb1 Qh4+ 19. Kd1 Qf2 20. Nd6+ Nxd6 21.
exd6 Nd4 22. Be3 Qxc2+ 23. Qxc2 Nxc2 24. Bxa7 Nxa3 25. Rxb7 Ba4+ 26. Ke1 Rc1+
27. Kf2 Rc2+ 28. Ke3 Rc3+ 29. Kd4 Rc8 30. g3 Nc2+ 31. Kd3 Ne1+ 32. Kd2 Nf3+ 33.
Ke3 Ne1 34. Bb5+ Bxb5 35. Rxb5 Nc2+ 36. Kd2 Nd4 37. Rb7 Nc6 38. d7+ Kd8 39.
dxc8=Q+ Kxc8 40. Rxf7 e5 41. Rc1 1-0

[Event "ch-FRA Blitz Online Qual"]
[Site "Europe-Chess INT"]
[Date "2020.05.16"]
[Round "5"]
[White "Le Brech, Cyril"]
[Black "Buffin, Jean"]
[Result "1-0"]
[WhiteElo "1986"]
[BlackElo "1711"]
[WhiteFideId "20675186"]
[BlackFideId "20699751"]
[EventDate "2020.05.16"]

1. e4 e5 2. f4 exf4 3. Bc4 Ne7 4. d4 d5 5. exd5 Nxd5 6. Nf3 Be7 7. O-O O-O 8.
Nc3 Ne3 9. Bxe3 fxe3 10. Qd3 c5 11. d5 a6 12. a4 Bg4 13. Qxe3 Nd7 14. Rae1 Bf6
15. Qf4 Bxf3 16. Rxf3 Qb6 17. b3 Qb4 18. Qd2 Bd4+ 19. Kh1 Ne5 20. Rh3 Nxc4 21.
bxc4 Rae8 22. Rf1 Qxc4 23. Rb1 b5 24. axb5 axb5 25. Nxb5 Rb8 26. Rhb3 Qxd5 27.
c3 c4 28. Rb4 f5 29. Qxd4 Qxd4 30. Nxd4 Rfe8 31. Rxb8 1-0

[Event "ch-FRA Blitz Online Qual"]
[Site "Europe-Chess INT"]
[Date "2020.05.16"]
[Round "5"]
[White "Lamblain, Nicolas"]
[Black "Perez Marco, Ricardo"]
[Result "0-1"]
[WhiteElo "1645"]
[BlackElo "2064"]
[WhiteFideId "20605641"]
[BlackFideId "2256401"]
[EventDate "2020.05.16"]

1. e4 c5 2. Nf3 e6 3. d4 cxd4 4. Nxd4 Nf6 5. Nc3 d6 6. Be2 Nc6 7. Be3 Be7 8. Qd2
Qc7 9. O-O O-O 10. f4 Nxd4 11. Bxd4 e5 12. Be3 exf4 13. Bxf4 Be6 14. Rad1 a6 15.
Kh1 b5 16. Bxd6 Bxd6 17. Qxd6 Qxd6 18. Rxd6 b4 19. e5 Ne8 20. Rxe6 fxe6 21. Ne4
Rxf1+ 22. Bxf1 Rd8 23. Kg1 Rd5 24. Bxa6 Rxe5 25. Bd3 Nf6 26. Nd6 Ra5 27. Bc4 Nd5
28. Kf2 Kf8 29. Kf3 Ke7 30. Ne4 h6 31. g3 Nf6 32. Nd2 Rf5+ 33. Kg2 Ng4 34. Ne4
Ne3+ 0-1

[Event "ch-FRA Blitz Online Qual"]
[Site "Europe-Chess INT"]
[Date "2020.05.16"]
[Round "5"]
[White "Del Giovane, Fabio"]
[Black "Cuttoli, Alexandre"]
[Result "1-0"]
[WhiteElo "1629"]
[BlackElo "2044"]
[WhiteFideId "45142190"]
[BlackFideId "36007293"]
[EventDate "2020.05.16"]

1. e4 e5 2. Nf3 Nc6 3. Bc4 Nf6 4. d3 Be7 5. c3 O-O 6. Nbd2 d6 7. h3 h6 8. Nf1
Nh7 9. Ne3 Ng5 10. Nxg5 Bxg5 11. Nd5 Bxc1 12. Qxc1 Na5 13. Bb3 Nxb3 14. axb3 f5
15. Qe3 c6 16. Nb4 a5 17. Nc2 fxe4 18. dxe4 d5 19. O-O-O Qf6 20. exd5 cxd5 21.
f3 Be6 22. Rhe1 e4 23. Nd4 Rfc8 24. fxe4 dxe4 25. Qxe4 Bf7 26. Rf1 Qg5+ 27. Qf4
Qd5 28. c4 a4 29. Kb1 Qd7 30. Nf5 Bg6 31. Rxd7 1-0

[Event "ch-FRA Blitz Online Qual"]
[Site "Europe-Chess INT"]
[Date "2020.05.16"]
[Round "5"]
[White "Zienkiewicz, Alexandre"]
[Black "Senegas, Pascal"]
[Result "1-0"]
[WhiteElo "2049"]
[BlackElo "1654"]
[WhiteFideId "20610327"]
[BlackFideId "45102074"]
[EventDate "2020.05.16"]

1. e4 e5 2. Nf3 Nc6 3. Bc4 Bc5 4. c3 Nf6 5. d3 h6 6. Nbd2 d6 7. O-O O-O 8. h3
Be6 9. Bb3 Re8 10. Re1 Ne7 11. Nf1 Ng6 12. d4 exd4 13. cxd4 Bb4 14. Bd2 Bxd2 15.
N1xd2 Bxb3 16. Qxb3 b6 17. g3 c5 18. e5 dxe5 19. dxe5 Nd7 20. e6 fxe6 21. Rxe6
Kh7 22. Rae1 Rxe6 23. Rxe6 Qf8 24. Qe3 Re8 25. Rxe8 Qf7 26. Qe6 Qxe6 27. Rxe6
Nf6 28. Ne4 Nd5 29. a3 1-0

[Event "ch-FRA Blitz Online Qual"]
[Site "Europe-Chess INT"]
[Date "2020.05.16"]
[Round "5"]
[White "Vieira, William"]
[Black "Labrande, Theodore"]
[Result "0-1"]
[WhiteElo "1593"]
[BlackElo "2077"]
[WhiteFideId "20661193"]
[BlackFideId "36045780"]
[EventDate "2020.05.16"]

1. e4 c5 2. c3 Nc6 3. d4 Nf6 4. d5 Nb8 5. e5 Ng8 6. Nf3 d6 7. exd6 e6 8. Bb5+
Bd7 9. dxe6 Bxb5 10. exf7+ Kxf7 11. Qd5+ Ke8 12. Qe6+ Be7 13. dxe7 Qxe7 14.
Qxe7+ Nxe7 15. b3 Bc6 16. c4 Nd7 17. O-O Rf8 18. Ng5 Rf6 19. Bb2 Rg6 20. Nh3
Rxg2+ 21. Kh1 Rxf2+ 22. Kg1 Rg2+ 23. Kh1 Rg3+ 24. Rf3 Bxf3# 0-1

[Event "ch-FRA Blitz Online Qual"]
[Site "Europe-Chess INT"]
[Date "2020.05.16"]
[Round "5"]
[White "Reuillon, Hadrien"]
[Black "Grosse, Ludovic"]
[Result "1-0"]
[WhiteElo "1817"]
[BlackElo "1958"]
[WhiteFideId "45133972"]
[BlackFideId "26045842"]
[EventDate "2020.05.16"]

1. e4 c5 2. c3 d5 3. exd5 Qxd5 4. d4 Nf6 5. Nf3 Bg4 6. Be2 e6 7. O-O Nc6 8. Re1
Be7 9. h3 Bh5 10. c4 Qd8 11. dxc5 Bxc5 12. Nc3 O-O 13. Bf4 a6 14. a3 Rc8 15. b4
Ba7 16. Bd6 Re8 17. c5 Bb8 18. Ng5 Bg6 19. b5 Bxd6 20. cxd6 Ne5 21. Rc1 Nc4 22.
Nce4 Nxe4 23. Nxe4 Ne5 24. Nc5 Nd7 25. Nxb7 Qb6 26. bxa6 Be4 27. Rb1 Qa5 28. Bb5
Bc6 29. a4 Bxb7 30. axb7 Rcd8 31. Bxd7 Rxd7 32. b8=Q Rxb8 33. Rxb8+ Rd8 34.
Rxd8+ Qxd8 35. d7 1-0